000 00312nam a22001337a 4500
008 170727b xxu||||| |||| 00| 0 eng d
020 _a9780823007837
041 _aeng
080 _a004
100 _a31
101 _aSHK
245 _aTHE COMPLETE GUIDE TO DIGITAL GRAPHIC DESIGN
_cGORDON,B
942 _2udc
_cBK
999 _c22027
_d22027